| 000 | 01751cam a2200433 a 4500 | ||
|---|---|---|---|
| 001 | 15471783 | ||
| 003 | NUST | ||
| 005 | 20220509155514.0 | ||
| 008 | 081001s2009 nyu 000 1 eng | ||
| 010 | _a 2008042858 | ||
| 020 | _a9780312544355 | ||
| 020 | _a0312544359 | ||
| 035 | _a(OCoLC)ocn243544949 | ||
| 038 | _awaseem | ||
| 040 |
_aDLC _cDLC _dBTCTA _dBAKER _dYDXCP _dC#P _dBWX _dCDX _dDLC |
||
| 043 | _ae-gx--- | ||
| 050 | 0 | 0 |
_aPR6107.R4447 _bV57 2009 |
| 082 | 0 | 0 |
_a823.92 _bGRE |
| 100 | 1 |
_aGregorio, Michael. _991408 |
|
| 245 | 1 | 2 |
_aA visible darkness / _cMichael Gregorio. |
| 250 | _a1st ed. | ||
| 260 |
_aNew York : _bMinotaur Books, _c2009. |
||
| 300 |
_a452 p. ; _c22 cm. |
||
| 563 | _aHBK. | ||
| 650 | 0 |
_aStiffeniis, Hanno (Fictitious character) _vFiction. _991409 |
|
| 650 | 0 |
_aPolice magistrates _zGermany _zPrussia _vFiction. _991410 |
|
| 650 | 0 |
_aMurder _xInvestigation _vFiction. _98002 |
|
| 650 | 0 |
_aAmber _xCollectors and collecting _vFiction. _991411 |
|
| 650 | 0 |
_aNapoleonic Wars, 1800-1815 _xCampaigns _zGermany _zPrussia _vFiction. _991412 |
|
| 651 | 0 |
_aPrussia (Germany) _xHistory _y1806-1815 _vFiction. _991413 |
|
| 655 | 7 |
_aMystery fiction. _2gsafd |
|
| 655 | 7 |
_aHistorical fiction. _2gsafd |
|
| 856 | 4 | 2 |
_3Contributor biographical information _uhttp://www.loc.gov/catdir/enhancements/fy0905/2008042858-b.html |
| 856 | 4 | 2 |
_3Publisher description _uhttp://www.loc.gov/catdir/enhancements/fy0905/2008042858-d.html |
| 856 | 4 | 1 |
_3Sample text _uhttp://www.loc.gov/catdir/enhancements/fy0912/2008042858-s.html |
| 906 |
_a7 _bcbc _corignew _d1 _eecip _f20 _gy-gencatlg |
||
| 942 |
_2ddc _cBK |
||
| 999 |
_c589541 _d589541 |
||